Причерноморские города Древней Колхидии (Запис № 317526)

МАРК-запис
000 -Лідер
fixed length control field 00599nam a22002417a 4500
003 - Ідентифікатор контрольного номера
control field UA-OsUOA
001 - Контрольний номер
control field 31105
007 - Фіксоване поле фізичного опису
fixed length control field ta
008 - Елементи даних фіксованої довжини – загальна інформація
fixed length control field 20041202b un ||||| |||| 00| 0 ukr d
090 ## - Локальний шифр розміщення
Класифікаційний індекс УДК 94(394)
Авторський знак (НП) И57
040 ## - Джерело каталогізації
Агенція оригінальної каталогізації UA-OsUOA
Мова каталогізації rus
Агенція, яка здійснювала перезапис UA-OsUOA
Агенція, яка здійснювала модифікацію UA-OsUOA
041 ## - Код мови
Код мови тексту/ звукової доріжки чи окремого заголовка (П) rus
080 ## - Індекс Універсальної десяткової класифікації
Індекс Універсальної десяткової класифікації (УДК) (НП) 94(394)
044 ## - Код країни видавця/ виробника
Код країни видавця/ виробника (П) GE
100 ## - Основне введення – ім’я особи
Ім’я особи (НП) Инадзе М. П.
245 ## - Відомості про назву
Назва (НП) Причерноморские города Древней Колхидии
260 ## - Публікація, розповсюдження і т.п. (Вихідні дані)
Місце публікації, розповсюдження і т.п. (П) Тбилиси
Ім’я/ наймення видавництва, розповсюджувача і т.п. (П) Мецниереба
Дата публікації, розповсюдження і т.п. (П) 1968
300 ## - Фізичний опис
Обсяг 274 с.
650 #7 - Додаткове предметне введення – тематичний термін
Джерело заголовка чи терміна UDC
942 ## - Додаткові елементи входу (Коха)
Тип елемента Koha Книги
955 ## - Код типу видання за змістом
Код типу видання за змістом (НП) інше
Фонди
Стан вилучень Стан втрат Джерело класифікації або схеми стелажів Стан уражень Не для кредиту Постійне місце розташування Поточне розміщення Дата придбання Інвентарний номер Усього замовленно Повний номер виклику Штрих-код Дата останнього перегляду Ціна ефективна від Тип елемента Koha
    Universal Decimal Classification     ЧЗ - Читальна зала ЧЗ - Читальна зала 02/12/2004 72585   94(394) И57 72585 07/02/2022 02/12/2004 Книги